[Event "SVK-ch Open 2018"]
[Site "Banska Stiavnica"]
[Date "2018.07.09"]
[Round "3"]
[White "Rezak, Milan"]
[Black "Franzen, Jozef"]
[Result "0-1"]
[WhiteElo "1928"]
[BlackElo "2256"]
[Annotator "NA"]
[PlyCount "60"]
[EventDate "2018.07.07"]
[EventType "swiss"]
[EventCountry "SVK"]
[SourceTitle "playchess.com"]
[Source "ChessBase"]
[SourceQuality "1"]
[TimeControl "40/5400+30:1800+30"]

1. e4 {[%emt 0:00:00]} e5 {[%emt 0:00:00]} 2. Nf3 {[%emt 0:00:00]} Nc6 {[%emt 0:00:00]} 3. d4 {[%emt 0:00:00]} exd4 {[%emt 0:00:00]} 4. Nxd4 {[%emt 0:00:00]} Bc5 {[%emt 0:00:03]} 5. Be3 {[%emt 0:00:14]} Qf6 {[%emt 0:00:14]} 6. c3 {[%emt 0:00:10]} Nge7 {[%emt 0:00:11]} 7. Bc4 {[%emt 0:00:28]} Ne5 {[%emt 0:01:10]} 8. Be2 {[%emt 0:00:18]} Qg6 {[%emt 0:08:01]} 9. O-O {[%emt 0:00:10]} O-O {[%emt 0:00:52]} 10. Nd2 {[%emt 0:00:58]} d6 {[%emt 0:03:52] C45: Scotch Game} (10... d5 11. Bh5 Qd6 12. f4 N5c6 13. e5 Qh6 14. N2b3 Bb6 15. Qe2 Nf5 16. Nxf5 Bxf5 17. Nd4 Bd3 18. Bxf7+ Rxf7 19. Qxd3 {1-0 (30) Movsesian,S (2670)-Bacrot,E (2695) Kemer 2007 CBM 121 [Movsesian,S]}) 11. Bh5 {[%emt 0:04:31]} Qf6 {[%emt 0:00:52]} 12. f4 {[%emt 0:03:50]} N5c6 {[%emt 0:01:13]} 13. N2b3 {[%emt 0:03:17]} Bb6 {[%emt 0:00:12] LiveBook: 5 Games} 14. g4 {[%emt 0:03:45]} (14. Re1 $14) 14... Ng6 {[%emt 0:11:20]} 15. g5 $146 {[%emt 0:02:46]} ({Predecessor:} 15. f5 Nge5 16. g5 Qd8 17. h4 Re8 18. Qc2 {0-1 (39) Abdulla,A (1784)-Benzetsel,E (1838) Istanbul 2012}) 15... Qe7 {[%emt 0:02:51]} 16. Nd2 {[%emt 0:05:21]} f5 {[%emt 0:06:50]} 17. gxf6 {[%emt 0:03:28]} Qxf6 {[%emt 0:02:54]} 18. Bxg6 {[%emt 0:02:37]} Qxg6+ {[%emt 0:04:52]} 19. Kh1 {[%emt 0:00:15]} Bd7 {[%emt 0:03:19]} 20. Rg1 {[%emt 0:02:03]} Qf6 {[%emt 0:00:14]} 21. N2f3 {[%emt 0:01:57]} Rae8 {[%emt 0:00:48]} 22. Qd3 {[%emt 0:01:54]} Qe7 {[%emt 0:05:07]} 23. Nd2 {[%emt 0:02:01]} Nxd4 {[%emt 0:02:01]} 24. Bxd4 {[%emt 0:00:23]} Bxd4 {[%emt 0:00:37]} 25. Qxd4 {[%emt 0:01:00]} Rxf4 {[%emt 0:00:27]} 26. Qd5+ $19 {[%emt 0:01:14]} Kh8 {[%emt 0:03:32]} 27. Qxb7 {[%emt 0:00:39]} Rf2 {[%emt 0:00:30]} 28. Rad1 {[%emt 0:01:01]} Qh4 {[%emt 0:07:54]} 29. Rg2 {[%emt 0:01:45]} Rxg2 {[%emt 0:00:12]} 30. Kxg2 {[%emt 0:00:05]} Qg4+ {[%emt 0:00:13] Qb4 Bc8+} 0-1

[Event "SVK-ch Open 2018"]
[Site "Banska Stiavnica"]
[Date "2018.07.09"]
[Round "3"]
[White "Kucera, Michal"]
[Black "Jamrich, Gyorgy"]
[Result "0-1"]
[WhiteElo "1921"]
[BlackElo "2200"]
[Annotator "NA"]
[PlyCount "98"]
[EventDate "2018.07.07"]
[EventType "swiss"]
[EventCountry "SVK"]
[SourceTitle "playchess.com"]
[Source "ChessBase"]
[SourceQuality "1"]
[TimeControl "40/5400+30:1800+30"]

1. e4 {[%emt 0:00:00]} d6 {[%emt 0:00:00]} 2. d4 {[%emt 0:00:00]} g6 {[%emt 0:00:00]} 3. Nc3 {[%emt 0:00:30]} Bg7 {[%emt 0:00:00]} 4. f4 {[%emt 0:02:54]} a6 {[%emt 0:00:15]} 5. Nf3 {[%emt 0:01:28]} b5 {[%emt 0:00:21]} 6. Bd3 {[%emt 0:08:58]} Nd7 {[%emt 0:00:28]} 7. a3 {[%emt 0:12:09]} ({White should try} 7. e5 $14) 7... c5 {[%emt 0:08:08]} 8. d5 {[%emt 0:02:36]} c4 {[%emt 0:04:59]} 9. Be2 {[%emt 0:03:07]} Qb6 {[%emt 0:09:26]} 10. Bd2 $11 {[%emt 0:10:01]} Ngf6 {[%emt 0:00:56]} 11. h3 {[%emt 0:06:27]} Nh5 {[%emt 0:03:06]} 12. g4 {[%emt 0:04:16]} Ng3 {[%emt 0:01:24]} 13. Rg1 {[%emt 0:04:45]} Nxe2 {[%emt 0:01:24]} 14. Qxe2 {[%emt 0:03:52]} Nc5 {[%emt 0:03:25]} 15. Be3 {[%emt 0:00:44]} Qa5 {[%emt 0:01:25]} 16. Bd4 {[%emt 0:00:36]} O-O {[%emt 0:03:06]} 17. Bxg7 {[%emt 0:07:29]} Kxg7 {[%emt 0:00:19]} 18. Kf2 {[%emt 0:00:56]} Bd7 {[%emt 0:08:51]} 19. Kg3 {[%emt 0:05:08]} Rh8 {[%emt 0:07:22]} 20. f5 {[%emt 0:03:03]} Qc7 {[%emt 0:10:25]} 21. Raf1 {[%emt 0:01:07]} Rab8 {[%emt 0:01:29]} 22. Nd4 {[%emt 0:01:45]} b4 {[%emt 0:01:09]} 23. axb4 {[%emt 0:00:33]} Rxb4 {[%emt 0:00:07]} 24. Qf3 {[%emt 0:00:30]} f6 {[%emt 0:02:50]} 25. g5 {[%emt 0:01:01]} Rf8 {[%emt 0:00:08]} 26. h4 {[%emt 0:01:03]} Rxb2 {[%emt 0:06:34]} 27. Kh2 {[%emt 0:00:41]} Nd3 {[%emt 0:00:45]} 28. h5 {[%emt 0:01:15]} Qc5 {[%emt 0:02:29]} 29. Nce2 {[%emt 0:03:33]} fxg5 {[%emt 0:07:55]} 30. Rxg5 {[%emt 0:01:43]} Ne5 {[%emt 0:00:49]} 31. Qc3 {[%emt 0:00:35]} Qb4 {[%emt 0:00:52]} 32. Qg3 {[%emt 0:00:44]} Rf6 {[%emt 0:01:09]} 33. hxg6 {[%emt 0:01:25]} h6 {[%emt 0:00:26]} 34. Rh5 {[%emt 0:00:41]} Qd2 {[%emt 0:00:38]} 35. Rf2 {[%emt 0:00:48]} Rb8 {[%emt 0:02:38]} 36. c3 {[%emt 0:01:23]} Nd3 {[%emt 0:01:37]} 37. Rg2 {[%emt 0:02:26]} Rh8 {[%emt 0:00:34]} 38. Ne6+ {[%emt 0:03:05]} Bxe6 {[%emt 0:00:10]} 39. Nd4 {[%emt 0:01:02]} Qd1 {[%emt 0:01:27]} 40. Nxe6+ {[%emt 0:04:41]} Rxe6 {[%emt 0:00:07]} 41. Rh4 {[%emt 0:02:58]} Rf6 {[%emt 0:01:10]} 42. Ra2 {[%emt 0:01:54]} Ne5 {[%emt 0:00:16]} 43. Rf4 {[%emt 0:01:54]} h5 {[%emt 0:01:45]} 44. Qg2 {[%emt 0:02:11]} Qc1 {[%emt 0:02:43]} 45. Rf1 {[%emt 0:00:42]} Qxc3 {[%emt 0:00:13]} 46. Rxa6 {[%emt 0:01:33]} Rb8 {[%emt 0:02:51]} 47. Ra2 {[%emt 0:00:51]} Ng4+ {[%emt 0:01:27]} 48. Kh1 {[%emt 0:00:17]} Rff8 {[%emt 0:01:37]} 49. Rc2 {[%emt 0:02:10]} Qe5 {[%emt 0:00:51]} 0-1

[Event "SVK-ch Open 2018"]
[Site "Banska Stiavnica"]
[Date "2018.07.09"]
[Round "3"]
[White "Gresova, Zuzana"]
[Black "Brozyna, Mateusz"]
[Result "0-1"]
[WhiteElo "1920"]
[BlackElo "2098"]
[Annotator "NA"]
[PlyCount "84"]
[EventDate "2018.07.07"]
[EventType "swiss"]
[EventCountry "SVK"]
[SourceTitle "playchess.com"]
[Source "ChessBase"]
[SourceQuality "1"]
[TimeControl "40/5400+30:1800+30"]

1. Nf3 {[%emt 0:00:00]} Nf6 {[%emt 0:00:00]} 2. d4 {[%emt 0:00:00]} g6 {[%emt 0:00:00]} 3. c4 {[%emt 0:00:14]} Bg7 {[%emt 0:00:00]} 4. Nc3 {[%emt 0:00:40]} O-O {[%emt 0:00:05]} 5. Bg5 {[%emt 0:00:56]} c5 {[%emt 0:00:33]} 6. d5 {[%emt 0:08:19]} d6 {[%emt 0:00:33]} 7. e3 {[%emt 0:02:23]} a6 {[%emt 0:00:27]} 8. Qc2 {[%emt 0:02:12]} b5 {[%emt 0:03:19]} 9. cxb5 {[%emt 0:05:00]} axb5 {[%emt 0:00:59]} 10. Bxb5 {[%emt 0:02:17]} Ba6 {[%emt 0:05:00]} 11. Be2 {[%emt 0:17:38]} h6 {[%emt 0:04:46]} 12. Bf4 {[%emt 0:00:54]} Nbd7 {[%emt 0:02:04]} 13. e4 {[%emt 0:02:58]} Qb6 {[%emt 0:02:46]} 14. O-O {[%emt 0:01:58]} Rfb8 {[%emt 0:00:58]} 15. Rfb1 {[%emt 0:03:05]} Ng4 {[%emt 0:04:03]} 16. Bxa6 {[%emt 0:04:54]} Qxa6 {[%emt 0:00:58]} 17. a4 {[%emt 0:16:09]} Qc4 {[%emt 0:19:23]} 18. Nd2 {[%emt 0:03:38]} Qd4 {[%emt 0:06:50]} 19. Nf3 {[%emt 0:05:08]} Qf6 {[%emt 0:03:38]} 20. Bc1 {[%emt 0:04:06]} Nde5 {[%emt 0:02:00]} 21. Nxe5 {[%emt 0:00:39]} Qxe5 {[%emt 0:00:13]} 22. h3 {[%emt 0:09:18]} Qh2+ {[%emt 0:05:01]} 23. Kf1 {[%emt 0:00:10]} Qh1+ {[%emt 0:05:23]} 24. Ke2 {[%emt 0:00:20]} Ne5 {[%emt 0:00:42]} 25. Nb5 {[%emt 0:04:20]} Qxg2 {[%emt 0:00:45]} 26. Ra3 {[%emt 0:00:37]} g5 {[%emt 0:08:09]} 27. Rg3 {[%emt 0:01:31]} Qh2 {[%emt 0:00:07]} 28. Bd2 {[%emt 0:01:41]} Ng6 {[%emt 0:03:19]} 29. Qb3 {[%emt 0:01:02]} Be5 {[%emt 0:01:12]} 30. Rgg1 {[%emt 0:01:08]} Bd4 {[%emt 0:02:33]} 31. Rgf1 {[%emt 0:01:09]} Qg2 {[%emt 0:01:26]} 32. Qc2 {[%emt 0:00:37]} Ne5 {[%emt 0:00:23]} 33. Be3 {[%emt 0:00:34]} Bxe3 {[%emt 0:05:57]} 34. Kxe3 {[%emt 0:00:09]} Qf3+ {[%emt 0:01:32]} 35. Kd2 {[%emt 0:00:14]} Qf4+ {[%emt 0:00:59]} 36. Ke2 {[%emt 0:00:29]} Qf3+ {[%emt 0:02:06]} 37. Kd2 {[%emt 0:00:34]} f5 {[%emt 0:00:29]} 38. Rbe1 {[%emt 0:00:52]} Qf4+ {[%emt 0:00:53]} 39. Kd1 {[%emt 0:00:36]} Nf3 {[%emt 0:00:37]} 40. Re2 {[%emt 0:00:38]} Rxb5 {[%emt 0:00:08]} 41. exf5 {[%emt 0:30:38]} Qxa4 {[%emt 0:30:10]} 42. Rxe7 {[%emt 0:00:33]} Qa1+ {[%emt 0:00:14]} 0-1

[Event "SVK-ch Open 2018"]
[Site "Banska Stiavnica"]
[Date "2018.07.09"]
[Round "3"]
[White "Hyll, Jan"]
[Black "Nogrady, Vilmos"]
[Result "1/2-1/2"]
[WhiteElo "1915"]
[BlackElo "2154"]
[Annotator "NA"]
[PlyCount "149"]
[EventDate "2018.07.07"]
[EventType "swiss"]
[EventCountry "SVK"]
[SourceTitle "playchess.com"]
[Source "ChessBase"]
[SourceQuality "1"]
[TimeControl "40/5400+30:1800+30"]

1. Nf3 {[%emt 0:01:27]} Nf6 {[%emt 0:00:07]} 2. d4 {[%emt 0:00:10]} d5 {[%emt 0:00:24]} 3. e3 {[%emt 0:00:04]} c5 {[%emt 0:01:19]} 4. c3 {[%emt 0:00:08]} Nc6 {[%emt 0:00:34]} 5. Bd3 {[%emt 0:00:07]} Bg4 {[%emt 0:01:10]} 6. O-O {[%emt 0:01:17]} a6 {[%emt 0:02:13]} 7. Nbd2 {[%emt 0:02:49]} e5 {[%emt 0:05:41]} 8. dxe5 {[%emt 0:00:58]} Nxe5 {[%emt 0:00:36]} 9. Be2 {[%emt 0:00:09]} Nc6 {[%emt 0:01:33]} 10. Nd4 {[%emt 0:06:03]} cxd4 {[%emt 0:33:14]} 11. Bxg4 {[%emt 0:00:25]} Ne5 {[%emt 0:00:37]} 12. Bf3 {[%emt 0:02:26]} dxc3 {[%emt 0:05:39]} 13. bxc3 {[%emt 0:00:40]} Qc7 {[%emt 0:01:15]} 14. Qb3 {[%emt 0:00:42]} Nxf3+ {[%emt 0:11:28]} 15. Nxf3 {[%emt 0:02:13]} Bd6 {[%emt 0:00:14]} 16. Ba3 {[%emt 0:00:42]} O-O {[%emt 0:00:48]} 17. Bxd6 {[%emt 0:01:31]} Qxd6 {[%emt 0:00:03]} 18. Rfd1 {[%emt 0:00:50]} b5 {[%emt 0:04:03]} 19. a4 {[%emt 0:01:08]} bxa4 {[%emt 0:00:44]} 20. Qxa4 {[%emt 0:01:57]} Qc5 {[%emt 0:02:14]} 21. Qd4 {[%emt 0:01:31]} Rfc8 {[%emt 0:02:33]} 22. Rd3 {[%emt 0:04:34]} Qb5 {[%emt 0:04:44]} 23. Ne5 {[%emt 0:04:38]} Qb2 {[%emt 0:03:02]} 24. c4 {[%emt 0:10:38]} Qxd4 {[%emt 0:02:16]} 25. Rxd4 {[%emt 0:02:02]} dxc4 {[%emt 0:02:25]} 26. Nxc4 {[%emt 0:00:12]} Rc6 {[%emt 0:00:57]} 27. Ne5 {[%emt 0:02:16]} Rc2 {[%emt 0:00:55]} 28. h3 {[%emt 0:00:17]} g6 {[%emt 0:02:36]} 29. Rda4 {[%emt 0:03:28]} Re8 {[%emt 0:03:15]} 30. Rxa6 {[%emt 0:02:05]} Rxe5 {[%emt 0:02:00]} 31. Rxf6 {[%emt 0:00:03]} Kg7 {[%emt 0:00:14]} 32. Rf4 {[%emt 0:02:04]} Re7 {[%emt 0:00:34]} 33. Rfa4 {[%emt 0:00:38]} h5 {[%emt 0:02:13]} 34. h4 {[%emt 0:01:15]} Rec7 {[%emt 0:01:10]} 35. R4a2 {[%emt 0:01:54]} R2c4 {[%emt 0:00:37]} 36. g3 {[%emt 0:00:32]} R4c6 {[%emt 0:02:02]} 37. Ra7 {[%emt 0:00:39]} Rxa7 {[%emt 0:00:52]} 38. Rxa7 {[%emt 0:00:02]} Kf6 {[%emt 0:00:05]} 39. Kg2 {[%emt 0:00:09]} Rd6 {[%emt 0:00:28]} 40. Kf3 {[%emt 0:00:08]} Rd2 {[%emt 0:01:26]} 41. Ra4 {[%emt 0:30:31]} Rb2 {[%emt 0:31:37]} 42. g4 {[%emt 0:08:16]} hxg4+ {[%emt 0:00:00]} 43. Rxg4 {[%emt 0:00:00]} Rb5 {[%emt 0:00:00]} 44. Rc4 {[%emt 0:00:00]} Ra5 {[%emt 0:00:00]} 45. Kg4 {[%emt 0:00:00]} Re5 {[%emt 0:00:00]} 46. Rd4 {[%emt 0:00:00]} Kg7 {[%emt 0:00:00]} 47. e4 {[%emt 0:00:00]} Ra5 {[%emt 0:00:00]} 48. Rd3 {[%emt 0:00:00]} f5+ {[%emt 0:00:00]} 49. exf5 {[%emt 0:00:00]} Rxf5 {[%emt 0:00:00]} 50. f4 {[%emt 0:00:00]} Ra5 {[%emt 0:00:00]} 51. Rh3 {[%emt 0:00:00]} Rb5 {[%emt 0:00:00]} 52. Re3 {[%emt 0:00:00]} Kf6 {[%emt 0:00:00]} 53. Rc3 {[%emt 0:00:00]} Ra5 {[%emt 0:00:00]} 54. Rc6+ {[%emt 0:00:00]} Kf7 {[%emt 0:00:00]} 55. Rc7+ {[%emt 0:00:00]} Kf6 {[%emt 0:00:00]} 56. Rc8 {[%emt 0:00:00]} Rb5 {[%emt 0:00:00]} 57. Re8 {[%emt 0:00:00]} Ra5 {[%emt 0:00:00]} 58. Re5 {[%emt 0:00:00]} Ra1 {[%emt 0:00:00]} 59. h5 {[%emt 0:02:11]} Rg1+ {[%emt 0:00:37]} 60. Kf3 {[%emt 0:00:42]} gxh5 {[%emt 0:00:39]} 61. Rxh5 {[%emt 0:00:11]} Rf1+ {[%emt 0:00:56]} 62. Kg3 {[%emt 0:00:03]} Rg1+ {[%emt 0:00:29]} 63. Kf2 {[%emt 0:00:07]} Ra1 {[%emt 0:00:17]} 64. Rb5 {[%emt 0:01:56]} Ra3 {[%emt 0:00:21]} 65. Re5 {[%emt 0:01:15]} Rb3 {[%emt 0:00:11]} 66. Kg2 {[%emt 0:02:06]} Ra3 {[%emt 0:00:47]} 67. Re2 {[%emt 0:00:25]} Kf5 {[%emt 0:01:01]} 68. Rf2 {[%emt 0:00:06]} Rb3 {[%emt 0:00:59]} 69. Rf3 {[%emt 0:00:11]} Rxf3 {[%emt 0:00:36]} 70. Kxf3 {[%emt 0:00:04]} Kf6 {[%emt 0:00:08]} 71. Ke4 {[%emt 0:00:05]} Ke6 {[%emt 0:00:04]} 72. f5+ {[%emt 0:00:08]} Kf6 {[%emt 0:00:01]} 73. Kf4 {[%emt 0:00:14]} Kf7 {[%emt 0:00:02]} 74. Kg5 {[%emt 0:00:09]} Kg7 {[%emt 0:00:06]} 75. f6+ 1/2-1/2

[Event "SVK-ch Open 2018"]
[Site "Banska Stiavnica"]
[Date "2018.07.09"]
[Round "3"]
[White "Marsina, Stefan"]
[Black "Horvath, Julia"]
[Result "0-1"]
[WhiteElo "1908"]
[BlackElo "2107"]
[Annotator "NA"]
[PlyCount "82"]
[EventDate "2018.07.07"]
[EventType "swiss"]
[EventCountry "SVK"]
[SourceTitle "playchess.com"]
[Source "ChessBase"]
[SourceQuality "1"]
[TimeControl "40/5400+30:1800+30"]

1. Nf3 {[%emt 0:00:22]} d6 {[%emt 0:00:04]} 2. c4 {[%emt 0:00:45]} e5 {[%emt 0:00:05]} 3. Nc3 {[%emt 0:00:27]} f5 {[%emt 0:00:18]} 4. d4 {[%emt 0:00:38]} e4 {[%emt 0:00:41]} 5. Nd2 {[%emt 0:00:51]} Nf6 {[%emt 0:00:28]} 6. e3 {[%emt 0:01:09]} g6 {[%emt 0:02:20]} 7. Be2 {[%emt 0:02:05]} Bg7 {[%emt 0:00:08]} 8. O-O {[%emt 0:03:17]} O-O {[%emt 0:00:24]} 9. d5 {[%emt 0:05:25]} a5 {[%emt 0:09:18]} 10. Nb3 $11 {[%emt 0:02:19]} Nbd7 {[%emt 0:06:20]} 11. Nd4 {[%emt 0:13:54]} Ne5 {[%emt 0:00:31]} 12. f4 {[%emt 0:07:36]} exf3 {[%emt 0:01:35]} 13. gxf3 {[%emt 0:06:57]} Qe7 {[%emt 0:02:15]} 14. f4 {[%emt 0:09:59]} Neg4 {[%emt 0:00:33]} 15. Qd3 {[%emt 0:03:56]} Re8 {[%emt 0:01:56]} 16. Bf3 {[%emt 0:08:37]} Ne4 {[%emt 0:08:12]} 17. h3 {[%emt 0:08:59]} Nxc3 {[%emt 0:28:21]} 18. bxc3 {[%emt 0:04:17]} Nf6 {[%emt 0:05:53]} 19. Bd2 {[%emt 0:00:57]} Ne4 {[%emt 0:00:19]} 20. Kg2 {[%emt 0:10:53]} Nxd2 {[%emt 0:04:28]} 21. Qxd2 {[%emt 0:00:02]} Qxe3 {[%emt 0:00:12]} 22. Qxe3 {[%emt 0:00:33]} Rxe3 {[%emt 0:00:05]} 23. Nb5 {[%emt 0:00:31]} Bd7 {[%emt 0:02:04]} 24. Rae1 {[%emt 0:01:39]} Rae8 {[%emt 0:11:19]} 25. Rxe3 {[%emt 0:01:14]} Rxe3 {[%emt 0:00:05]} 26. Nxc7 {[%emt 0:00:28]} Bxc3 {[%emt 0:02:58]} 27. Nb5 {[%emt 0:00:35]} Bxb5 {[%emt 0:04:42]} 28. cxb5 {[%emt 0:00:02]} Bd4 {[%emt 0:00:13]} 29. Rf2 {[%emt 0:03:36]} Kf7 {[%emt 0:00:56]} 30. Re2 {[%emt 0:00:30]} Rc3 {[%emt 0:00:08]} 31. Re6 {[%emt 0:01:02]} Bc5 {[%emt 0:01:13]} 32. Re1 {[%emt 0:00:41]} Be3 {[%emt 0:01:50]} 33. Kg3 {[%emt 0:00:32]} b6 {[%emt 0:00:17]} 34. Re2 {[%emt 0:00:35]} a4 {[%emt 0:00:57]} 35. Re1 {[%emt 0:00:37]} a3 {[%emt 0:00:15]} 36. Re2 {[%emt 0:00:24]} h5 {[%emt 0:01:01]} 37. h4 {[%emt 0:00:57]} Bc1 {[%emt 0:01:19]} 38. Re6 {[%emt 0:00:39]} Rc4 {[%emt 0:00:26]} 39. Be2 {[%emt 0:00:55]} Bxf4+ {[%emt 0:00:16]} 40. Kf3 {[%emt 0:00:05]} Rb4 {[%emt 0:00:28]} 41. Bd3 {[%emt 0:30:42]} Be5 {[%emt 0:30:10]} 0-1

[Event "SVK-ch Open 2018"]
[Site "Banska Stiavnica"]
[Date "2018.07.09"]
[Round "3"]
[White "Bango, Dominik"]
[Black "Pniaczek, Marek"]
[Result "0-1"]
[WhiteElo "1835"]
[BlackElo "2082"]
[Annotator "NA"]
[PlyCount "98"]
[EventDate "2018.07.07"]
[EventType "swiss"]
[EventCountry "SVK"]
[SourceTitle "playchess.com"]
[Source "ChessBase"]
[SourceQuality "1"]
[TimeControl "40/5400+30:1800+30"]

1. e4 {[%emt 0:00:00]} c5 {[%emt 0:00:00]} 2. Nc3 {[%emt 0:00:00]} d6 {[%emt 0:00:00]} 3. g3 {[%emt 0:00:00]} Nc6 {[%emt 0:00:07]} 4. Bg2 {[%emt 0:00:00]} g6 {[%emt 0:00:06]} 5. f4 {[%emt 0:00:08]} Bg7 {[%emt 0:00:10]} 6. Nf3 {[%emt 0:00:06]} e6 {[%emt 0:00:15]} 7. O-O {[%emt 0:00:13]} Nge7 {[%emt 0:00:04]} 8. d3 {[%emt 0:00:32]} O-O {[%emt 0:00:06]} 9. Qe2 {[%emt 0:02:15]} b6 {[%emt 0:01:18]} 10. Kh1 {[%emt 0:00:39]} Bb7 {[%emt 0:05:08]} 11. h3 {[%emt 0:01:57]} Qd7 {[%emt 0:03:22]} 12. g4 {[%emt 0:11:31]} f5 {[%emt 0:01:24]} 13. Nd1 {[%emt 0:07:22]} e5 {[%emt 0:10:26]} 14. fxe5 {[%emt 0:08:12]} fxg4 {[%emt 0:12:51]} 15. hxg4 {[%emt 0:06:16]} Nxe5 {[%emt 0:11:26]} 16. Nxe5 {[%emt 0:02:24]} Rxf1+ {[%emt 0:00:15]} 17. Qxf1 {[%emt 0:01:10]} Bxe5 {[%emt 0:00:30]} 18. Qe2 {[%emt 0:01:17]} Re8 {[%emt 0:06:05]} 19. Bh6 {[%emt 0:35:42]} d5 {[%emt 0:01:44]} 20. Nc3 {[%emt 0:01:20]} d4 {[%emt 0:05:03]} 21. Nb1 {[%emt 0:04:24]} Nc6 {[%emt 0:03:34]} 22. Nd2 {[%emt 0:02:06]} Qe7 {[%emt 0:08:17]} 23. Nf3 {[%emt 0:02:49]} Bg3 {[%emt 0:00:23]} 24. Bh3 {[%emt 0:01:29]} Bc8 {[%emt 0:08:32]} 25. Kg2 {[%emt 0:01:21]} Bc7 {[%emt 0:00:24]} 26. Rf1 {[%emt 0:00:22]} Qd6 {[%emt 0:05:52]} 27. Qf2 {[%emt 0:02:44]} g5 {[%emt 0:04:47]} 28. Nxg5 {[%emt 0:01:42]} Qh2+ {[%emt 0:02:58]} 29. Kf3 {[%emt 0:00:06]} Ne5+ {[%emt 0:01:13]} 30. Ke2 {[%emt 0:00:13]} Bxg4+ {[%emt 0:00:44]} 31. Bxg4 {[%emt 0:01:37]} Nxg4 {[%emt 0:00:43]} 32. Qxh2 {[%emt 0:01:23]} Bxh2 {[%emt 0:00:01]} 33. Rf7 {[%emt 0:01:28]} Nxh6 {[%emt 0:00:27]} 34. Rxh7 {[%emt 0:00:57]} Bf4 {[%emt 0:03:00]} 35. Rxh6 {[%emt 0:01:25]} Kg7 {[%emt 0:00:23]} 36. Ne6+ {[%emt 0:01:33]} Kxh6 {[%emt 0:00:10]} 37. Nxf4 {[%emt 0:00:03]} Kg5 {[%emt 0:00:22]} 38. Nd5 {[%emt 0:00:29]} Rh8 {[%emt 0:00:10]} 39. b3 {[%emt 0:00:36]} Rh2+ {[%emt 0:00:55]} 40. Kd1 {[%emt 0:00:12]} Kg4 {[%emt 0:02:50]} 41. Kc1 {[%emt 0:31:11]} Kf3 {[%emt 0:30:21]} 42. a4 {[%emt 0:00:00]} Ke2 {[%emt 0:00:00]} 43. Nf4+ {[%emt 0:00:00]} Ke1 {[%emt 0:00:00]} 44. Nd5 {[%emt 0:00:00]} Rh1 {[%emt 0:00:00]} 45. Nf4 {[%emt 0:00:00]} Rf1 {[%emt 0:00:00]} 46. Ng6 {[%emt 0:00:00]} Ke2+ {[%emt 0:00:00]} 47. Kb2 {[%emt 0:00:00]} Kd1 {[%emt 0:00:00]} 48. e5 {[%emt 0:00:00]} Re1 {[%emt 0:00:00]} 49. Kb1 {[%emt 0:00:00]} Re2 {[%emt 0:00:00]} 0-1

[Event "SVK-ch Open 2018"]
[Site "Banska Stiavnica"]
[Date "2018.07.09"]
[Round "3"]
[White "Kebis, Milos"]
[Black "Volcko, Richard"]
[Result "0-1"]
[WhiteElo "1828"]
[BlackElo "2068"]
[Annotator "NA"]
[PlyCount "36"]
[EventDate "2018.07.07"]
[EventType "swiss"]
[EventCountry "SVK"]
[SourceTitle "playchess.com"]
[Source "ChessBase"]
[SourceQuality "1"]
[TimeControl "40/5400+30:1800+30"]

1. Nf3 {[%emt 0:01:27]} Nf6 {[%emt 0:00:00]} 2. d4 {[%emt 0:00:35]} g6 {[%emt 0:00:00]} 3. c4 {[%emt 0:00:41]} Bg7 {[%emt 0:00:00]} 4. Nc3 {[%emt 0:00:09]} O-O {[%emt 0:00:09]} 5. e4 {[%emt 0:00:38]} d6 {[%emt 0:00:26]} 6. Be2 {[%emt 0:01:16]} e5 {[%emt 0:00:09]} 7. O-O {[%emt 0:01:03]} Nc6 {[%emt 0:00:20]} 8. Re1 exd4 {[%emt 0:03:02]} 9. Nxd4 {[%emt 0:04:58]} Nxe4 {[%emt 0:01:43]} 10. Nxe4 {[%emt 0:15:45]} Nxd4 {[%emt 0:09:34]} 11. Bg5 {[%emt 0:09:40]} Nxe2+ {[%emt 0:02:17]} 12. Rxe2 {[%emt 0:00:14]} f6 {[%emt 0:01:58]} 13. Qd5+ {[%emt 0:00:46]} Kh8 {[%emt 0:00:38]} 14. Bh4 {[%emt 0:00:53] [#]} g5 $19 {[%emt 0:12:32]} 15. Bxg5 {[%emt 0:16:10]} fxg5 {[%emt 0:00:46]} 16. Nxg5 {[%emt 0:00:03]} Qf6 {[%emt 0:03:56]} 17. Rae1 {[%emt 0:05:27]} Bg4 {[%emt 0:06:58]} 18. Rd2 {[%emt 0:02:48]} c6 {[%emt 0:02:09]} 0-1